| 000 | 01141cam a22003497a 4500 | ||
|---|---|---|---|
| 001 | 15726599 | ||
| 003 | OSt | ||
| 005 | 20140318131745.0 | ||
| 008 | 090506s2008 nyu j 000 1 eng d | ||
| 010 | _a 2009278298 | ||
| 020 | _a9780545055819 (pbk.) | ||
| 020 | _a0545055814 (pbk.) | ||
| 035 | _a(OCoLC)ocn261340358 | ||
| 040 |
_aMUS _cMUS _dJAO _dBTCTA _dEHH _dDLC |
||
| 042 | _alccopycat | ||
| 050 | 0 | 0 |
_aPZ 7 _b.P1954Ab 2008 |
| 100 | 1 |
_aPapademetriou, Lisa. _923374 |
|
| 245 | 1 | 0 |
_aAccidentally famous / _cLisa Papademetriou. |
| 260 |
_aNew York, NY : _bScholastic Inc., _c2008. |
||
| 300 |
_a184 p. ; _c20 cm. |
||
| 490 | 0 | _aA candy apple book | |
| 521 | 1 | _aG4 | |
| 526 | _c640 | ||
| 650 | 0 |
_aMiddle school students _vJuvenile fiction. _924778 |
|
| 650 | 0 |
_aGirls _vJuvenile fiction. _924779 |
|
| 650 | 0 |
_aFashion _vJuvenile fiction. _924780 |
|
| 700 | 1 |
_aMartini, Angela, _eill. _924781 |
|
| 906 |
_a7 _bcbc _ccopycat _d2 _encip _f20 _gy-gencatlg |
||
| 942 |
_2lcc _cBK |
||
| 999 |
_c47490 _d47490 |
||